English Premier League top 4 2000-2010 - Statistics

General Stats
  • This quiz has been taken 292 times
  • The average score is 43 of 44
Answer Stats
Season Answer % Correct
Chelsea
100%
Chelsea
100%
2004-2005 Chelsea
100%
2005-2006 Chelsea
100%
Chelsea
100%
Chelsea
100%
Chelsea
100%
2009-2010 Chelsea
100%
1999-2000 Manchester United
100%
2000-2001 Manchester United
100%
Manchester United
100%
2002-2003 Manchester United
100%
Manchester United
100%
Manchester United
100%
Manchester United
100%
2006-2007 Manchester United
100%
2007-2008 Manchester United
100%
2008-2009 Manchester United
100%
Manchester United
100%
Arsenal
99%
Arsenal
99%
2001-2002 Arsenal
99%
Arsenal
99%
2003-2004 Arsenal
99%
Arsenal
99%
Arsenal
99%
Arsenal
99%
Arsenal
99%
Arsenal
99%
Arsenal
99%
Liverpool
99%
Liverpool
99%
Liverpool
99%
Liverpool
99%
Liverpool
99%
Liverpool
99%
Liverpool
99%
Liverpool
99%
Tottenham Hotspur
95%
Everton
89%
Newcastle United
84%
Newcastle United
84%
Leeds United
78%
Leeds United
78%
No matching quizzes found
Score Distribution
Percent of People with Each Score
Percentile by Number Answered
Your Score History
You have not taken this quiz